Responses for Show #4399 - Thursday, October 23, 2003

Russ Schumacher game 5.

Contestants

[<< previous game]

Elana Rosen, an attorney from Silver Spring, Maryland

Mike Garabedian, a graduate student from Whittier, California

Russ Schumacher, a graduate student from Fort Collins, Colorado (whose 4-day cash winnings total $64,800)

[next game >>]

Jeopardy! Round responses

MARINE SCIENCE
THE '60s MUSIC SCENE
U.S. CITY NICKNAMES
WHAT DO YOU FEEL LIKE EATING?
FINISH YOUR MAIN COURSE
(Alex: We want you to complete the word we will give you part of only.)
(Alex: And if you do...)
YOU GET NO DESSERT!
    $200 26
the shell

Triple Stumper
    $200 11
"Respect"

Mike
    $200 1
Pasadena

Mike
    $200 16
Pizza Hut

Mike
    $200 6
squabble

Mike
    $200 20
San Francisco

Mike
    $400 27
its mouth

Mike
    $400 12
"What's New Pussycat?"

Mike
    $400 2
New Orleans

Russ
    $400 17
Smith & Wollensky

Triple Stumper
    $400 7
(Russ: What is hamstring?)

hamper

Russ
    $400 22
(Alex: The death penalty.)

his execution

Russ
    $600 28
tides

Russ
    $600 13
Van Morrison

Mike
    $600 3
Denver

Russ
    $600 18
tea rooms

Triple Stumper
    $600 8
carpals

Mike
    $1,000 23
Queen Mary (of Scotland)

Russ
    $800 29
(Mike: What are the Doldrums?)
...
[The end-of-round signal sounds.]

the Sargasso Sea

MikeElana
    $800 14
Father McKenzie

Russ
    $800 4
(Mike: What is Lexington?)

Louisville (Kentucky)

RussMike
    $800 19
(Mike: What is wasabi ice cream?)

rice pudding

MikeElana
    $800 9
the Hashemite kingdom

Triple Stumper
    $800 24
the Hessians

Mike
    $1000 15
"I'm Sorry"

Triple Stumper
    $1000 5
Rochester (New York)

Elana
    $1000 21
hot dogs

Mike
    $1000 10
solenoid

Russ
    $1000 25
(Alex: Less than a minute to go.)

the Mary Celeste

Triple Stumper

Scores at the first commercial break (after clue 15):

Russ Mike Elana
$4,000 $1,400 $1,000

Scores at the end of the Jeopardy! Round:

Russ Mike Elana
$6,000 $2,400 $2,600

Double Jeopardy! Round responses

NAME THE FOE
(Alex: We'll identify somebody & you have to tell us their historical opponent.)
BEST SCREENPLAY OSCARS
MULE DRIVING
STORY COLLECTIONS
BE A QUICK CHANGE ARTIST
"P"s TIME
    $400 17
the Spanish

Triple Stumper
    $400 23
The Pianist

Russ
    $400 24
Death Valley

Mike
    $400 1
The Canterbury Tales

Mike
    $400 12
$500 million

Mike
    $400 6
Pandora's box

Russ
    $800 18
(Alex: World War II.)

the Germans

Elana
    $800 22
(Alex: With a minute to go.)

A Beautiful Mind

Russ
    $800 25
Lady Chatterley's Lover

Elana
    $800 2
Scheherazade

Mike
    $800 13
(Elana: What is...)

5 cents

RussElana
    $800 7
pow-wow

Elana
    $1200 27
(Mike: What is England?)

the English

Mike
    $1200 9
Forrest Gump

Russ
    $1200 3
The Decameron

Mike
    $4,000 14
Alexander Hamilton ($10)

Russ
    $1200 8
(Mike: What is pinch?)
(Elana: What is plunder?)

pilfer

MikeElana
Triple Stumper
    $1600 26
(Elana: What is France?)

the French

Elana
    $1600 20
Dead Poets Society

Elana
    $1600 4
Twice-Told Tales

Mike
    $1600 15
3.6 levs/$2

Triple Stumper
    $1600 10
(Russ: What is pergalian?)

perigee

Russ
Triple Stumper
    $2000 21
(Alex: For their liberation.)

the Dutch

Triple Stumper
    $2000 19
The Crying Game

Elana
    $2000 28
(Alex: That's my time!)
...
[The end-of-round signal sounds.]

Frankie Laine

Triple Stumper
    $2000 5
Metamorphoses

Russ
    $2000 16
(Alex: Just in time, and the judges were nodding!)

$3.35

Mike
    $2000 11
primogeniture

Mike

Scores at the end of the Double Jeopardy! Round:

Russ Mike Elana
$14,000 $11,200 $8,200

[wagering suggestions for these scores]

Final Jeopardy! Round responses

THE INTERNET
(Alex: That's your time, not mine!)
(Alex: Another big payday for a player on Jeopardy!, and it could happen again tomorrow, ladies & gentlemen, join us then... so long!)
ElanaWhat is Spam
$3,900
MikeWhat is Spam?
$5,201
RussWhat is Yahoo?
$8,401
spam

Final scores:

Russ Mike Elana
$5,599 $16,401 $12,100
3rd place: $1,000 New champion: $16,401 2nd place: $2,000

Game dynamics:

Coryat scores:

Russ Mike Elana
$10,800 $11,200 $8,200
16 R
(including 2 DDs),
1 W
20 R,
4 W
9 R,
2 W

Combined Coryat: $30,200

[game clues] [game scores] [suggest correction]

Game tape date: 2003-08-05
The J! Archive is created by fans, for fans. Scraping, republication, monetization, and malicious use prohibited; this site may use cookies and collect identifying information. See terms. The Jeopardy! game show and all elements thereof, including but not limited to copyright and trademark thereto, are the property of Jeopardy Productions, Inc. and are protected under law. This website is not affiliated with, sponsored by, or operated by Jeopardy Productions, Inc. Join the discussion at JBoard.tv.